000 00666nam a2200205Ia 4500
008 140529s9999 xx 000 0 und d
020 _a9780205597499
050 _aBF 724.55.A35
_b.C87 2009
245 _aCurrent directions in adulthood and aging /
_cedited by Susan T. Charles
260 _aBoston :
_bPearson,
_cc2009.
300 _a216 p. :
_bill. ;
_c23 cm.
440 _a(Readings from the Association for Psychological Science).
500 _aIncludes bibliographical references.
521 _aPSYCH
650 _aAdult.
650 _aAging
_xPsychology --Collected Works.
650 _aCognition
_xAge factors.
942 _kFOR
_cBK
999 _c117669
_d117669